000 00391nam a2200145Ia 4500
008 230917s9999||||xx |||||||||||||| ||und||
040 _e177270
_aMAIN
041 _aEnglish
082 _a891.431731 CK455J
100 _aचोपङा, कमल
245 0 _aजगंल की यातनाएँ
260 _aदिल्ली
_bअयन
_c1981
300 _a64 p.
942 _cHN
999 _c227065
_d227065